000 00581nam a22001577a 4500
999 _c13849
_d13849
008 190425b ||||| |||| 00| 0 eng d
082 _22018
_aUT 1246
_bSa31
100 _aSalado, John Lloyd Carlo.
_938522
245 _aPrevalence of RA 9165 in Digos City 2017-2018 /
_cJohn Lloyd Carlo Salado,Eric John S. Saavedra, and Mikka M. Donayre.
260 _aDigos City:
_bUMDC
_cNovember 2018.
300 _a50 pages;
_c30 cm.
650 _aCriminology
_xUndergraduate thesis.
_938523
700 _aSaavedra, Eric John S.
_938524
700 _aDonayre, Mikka M.
_938525
942 _2ddc
_cUT